| 000 | 01111cam a22003497a 4500 | ||
|---|---|---|---|
| 003 | CHAP | ||
| 005 | 20220817043331.0 | ||
| 008 | 971013s1992 r 00010 d | ||
| 010 | _a72308 | ||
| 011 | _a73280 | ||
| 035 | _a82837 | ||
| 040 | _cCHAP | ||
| 082 |
_a632.7 _bF3 |
||
| 110 | _aFAO | ||
| 245 | 1 | 0 | _aIntegrated pest management for protected vegetable cultivation in the Near East |
| 260 |
_aRome : _bFAO, _c1992 |
||
| 300 | _a148 p. | ||
| 490 | 0 |
_aFAO. Producción y protección vegetal _v; 114 |
|
| 590 |
_aBATCH-UPD _b10 _c20130110 _lUCH01 _h0525 |
||
| 590 |
_aBATCH-UPD _b10 _c20130410 _lUCH01 _h0204 |
||
| 590 |
_aBATCH-UPD _b10 _c20130914 _lUCH01 _h0006 |
||
| 590 |
_aCONVERSION _b10 _c20130109 _lUCH01 _h1340 |
||
| 650 | 1 | 4 |
_aControl de plagas. _927595 |
| 650 | 1 | 4 |
_aCultivos _xPlagas. _930305 |
| 650 | 1 | 4 |
_aManejo integrado de plagas. _970365 |
| 700 | 0 |
_aAlebeek, F.A.N. van. _93733 |
|
| 700 | 0 |
_aLenteren, J.C. van. _966039 |
|
| 830 | 0 |
_aFAO. Producción y protección vegetal _v; 114 _939654 |
|
| 901 | _aBK | ||
| 942 | _cLIBRO | ||
| 949 |
_a632.7 F3 _bBC _cFAO _d-37084 _eFAO1 _h86761 _i82837 _si |
||
| 999 |
_c72308 _d72308 |
||